000 00400nam a2200133 4500
005 20260313095654.0
008 260313b |||||||| |||| 00| 0 eng d
020 _a9788121924962
100 _aMehta V.K and Mehta Rohit
245 _aPrinciples of Power System
_c/V.K Mehta & Rohit Mehta
260 _aNew Delhi;
_bS. Chand & Company Pvt ltd;
_c1982
300 _axv, 608p. ill;
_c24cm
942 _2lcc
_n0
_cBK
999 _c189
_d189